[Event "MLK CCCSA IM 2021"]
[Site "Charlotte"]
[Date "2021.01.17"]
[Round "6.3"]
[White "Ezra Paul Chambers"]
[Black "Colas, Joshua"]
[Result "1/2-1/2"]
[WhiteElo "2217"]
[BlackElo "2288"]
[Annotator "TA"]
[PlyCount "105"]
[EventDate "2021.01.14"]
[EventType "tourn"]
[EventCountry "USA"]
[SourceTitle "playchess.com"]
[Source "ChessBase"]
[SourceQuality "1"]

{[%evp 17,105,9,29,15,31,22,46,41,55,35,49,43,91,43,94,91,79,73,95,55,93,86,162,161,158,166,173,131,122,123,122,125,212,214,273,262,340,356,363,277,424,361,470,450,465,462,427,328,283,252,264,251,243,247,253,190,197,187,227,122,314,327,262,258,308,299,352,338,528,476,759,602,1366,1295,877,410,369,213,169,202,196,78,88,80,83,0,8,0,0,0]} 1. e4 g6 2. d4 Bg7 3. Nc3 c6 4. Nf3 d5 5. h3 dxe4 6. Nxe4 Nf6 7. Nxf6+ exf6 8. Bc4 O-O 9. O-O Nd7 {9...a5 might become the main line.} 10. Re1 {B15: Caro-Kann: 3 Nc3: 3...g6 and 3...dxe4 4 Nxe4 Nf6 5 Nxf6+ exf6.} a5 11. Bf1 Nb6 12. c4 {White is slightly better.} Be6 13. b3 {[#]} Qc7 $146 ({Predecessor:} 13... a4 14. Bf4 Re8 15. Qd2 h5 16. Rad1 axb3 17. axb3 Bf8 18. Be3 Ra3 19. Qb2 Nc8 {1-0 (29) Milliet,S (2397)-Matnadze,A (2384) Linares 2013}) 14. Be3 Rfd8 15. Qd2 g5 (15... Bf8 $14) 16. Bd3 Nc8 17. Qc2 h6 18. Bc1 Qd7 19. Ba3 b5 (19... a4 $16 {was worth a try.}) 20. d5 $1 $36 {[%mdl 2048] White is in control.} cxd5 21. cxb5 Nd6 22. Bxd6 Qxd6 23. Rad1 Rac8 24. Qb1 Qf4 {[#]} (24... f5 $16) 25. Nd4 $1 {[%mdl 512]} Re8 (25... Bd7 26. Bh7+) 26. Bh7+ Kh8 27. Bf5 Qd6 28. a4 Qb6 (28... Qd7 $142 29. Rc1 Bxf5 30. Rxe8+ {[%mdl 64] Overworked Piece} (30. Qxf5 Rxe1+ 31. Rxe1 Qxf5 $18) (30. Nxf5 Re5 $16) 30... Qxe8 31. Nxf5 Bf8) 29. Qd3 Bf8 30. Bxe6 {[%mdl 64] Overworked Piece} fxe6 31. Qg6 e5 32. Nf5 Qe6 33. Nxh6 Bxh6 34. Qxh6+ Kg8 35. Qg6+ Kf8 36. Qd3 d4 37. Rc1 Kg7 {[#]} 38. Qe4 (38. Rxc8 $1 $18 Qxc8 39. Qd2) 38... Rxc1 $2 (38... Red8 $16 {might work better.}) 39. Rxc1 $16 {[%mdl 4096] Endgame KQR-KQR} Re7 40. Qd3 Qd5 41. f3 Qd6 42. Rc6 Qb4 (42... Qd5 $142 43. Qc4 Qd7) 43. Kh2 Rf7 (43... Rd7 $142 44. Qf5 Rf7) 44. b6 $18 f5 45. Qe2 Re7 46. Rc7 (46. Qc2 $142 d3 47. Qxd3) 46... e4 47. fxe4 (47. Qc4 $142 {And now Qxb4 would win.} Qd6+ 48. g3) 47... Rxc7 48. bxc7 {KQ-KQ} Qd6+ 49. Kg1 (49. g3 $18 Qxc7 50. exf5) 49... Qxc7 $16 50. exf5 Qc1+ {[#]} 51. Qf1 ({White should play} 51. Kh2 $1 $16 {aiming for Qe5+.} Qf4+ 52. Kg1) 51... Qd2 $11 52. Qa6 {Strongly threatening Qg6+.} Qe3+ 53. Kf1 {Weighted Error Value: White=0.37/Black=0.32} 1/2-1/2

[Event "MLK CCCSA IM 2021"]
[Site "Charlotte"]
[Date "2021.01.17"]
[Round "6.4"]
[White "Cervantes Landeiro, Thalia"]
[Black "Martin Del Campo C., Roberto"]
[Result "1-0"]
[WhiteElo "2258"]
[BlackElo "2296"]
[Annotator "TA"]
[PlyCount "95"]
[EventDate "2021.01.14"]
[EventType "tourn"]
[EventCountry "USA"]
[SourceTitle "playchess.com"]
[Source "ChessBase"]
[SourceQuality "1"]

{[%evp 9,95,25,42,39,41,45,110,120,125,118,129,100,208,192,198,207,206,202,197,206,205,194,187,172,224,234,235,234,232,214,214,214,216,217,217,172,162,187,207,165,172,178,169,137,165,133,150,130,131,123,123,123,123,123,123,123,123,123,131,142,384,373,697,648,757,743,705,578,1025,1031,1068,1065,989,954,1810,1046,29985,12831,29987,29988,29984,29985,29985,29986,29986,29987,29987,12843]} 1. d4 Nf6 2. c4 d6 3. Nc3 e5 4. d5 Bf5 5. e3 {[#]} a5 $146 ({Predecessor:} 5... g6 6. Nge2 Bg7 7. Ng3 Bc8 8. e4 O-O 9. Bd3 h5 10. Bg5 Qe8 11. Qe2 c5 12. O-O Na6 {0-1 (58) Cervantes Landeiro,T (2311)-Oberoi,S (2131) Charlotte 2020}) 6. f3 {A53: Old Indian Defence without Nf3.} e4 7. g4 Nxg4 8. fxg4 $16 {White is better.} Qh4+ 9. Kd2 Bxg4 10. Qe1 Qxe1+ (10... Qe7 $16 {was necessary.}) 11. Kxe1 $18 f5 12. Be2 Bxe2 13. Ngxe2 g6 14. Bd2 Na6 15. Nb5 Bg7 16. Bc3 ({Don't play} 16. Bxa5 $6 Bxb2 17. Rb1 Be5 $16) 16... Bxc3+ (16... Be5 $142 17. Nbd4 Nb4) 17. Nexc3 Kd7 18. Kd2 Nc5 19. Raf1 Nd3 20. b3 Ne5 21. Nd4 a4 22. Rc1 ({Don't do} 22. Nxa4 $6 Nxc4+ 23. Ke2 (23. bxc4 Rxa4 {[%mdl 64] Double Attack} 24. Rb1 Rxa2+ 25. Kc3 Rb8 $16) 23... Ne5 $16) 22... axb3 23. axb3 Ra3 24. Ra1 Rha8 25. Rxa3 Rxa3 26. h3 c6 27. dxc6+ bxc6 28. Kc2 Ke7 29. Rf1 Ra8 30. Rg1 Kf6 31. h4 Ra7 32. Rd1 {[#] Threatens to win with Nxc6!} Ra6 33. Rf1 Ng4 34. Kd2 Ke5 {This costs Black the game.} (34... Ke7 $16 35. h5 Ne5) 35. b4 c5 $2 {[#]} (35... Nh2 36. Rb1 Nf3+ 37. Nxf3+ exf3) 36. b5 $1 Ra3 (36... Ra8 37. Nc6+) 37. Nc6+ Ke6 38. Rb1 Nxe3 39. Kxe3 Rxc3+ {[%mdl 4096] Endgame KRN-KR} 40. Kd2 Ra3 41. b6 e3+ 42. Ke2 {Black must now prevent b7.} f4 43. b7 Ra2+ 44. Kf3 {White mates.} Kf5 45. Ne7+ Ke5 46. b8=Q Rf2+ 47. Kg4 Rg2+ 48. Kh3 {Weighted Error Value: White=0.11/Black=0.59} 1-0

[Event "MLK CCCSA IM 2021"]
[Site "Charlotte"]
[Date "2021.01.17"]
[Round "6.5"]
[White "Griffith, Kyron"]
[Black "Wang, Tianqi"]
[Result "1/2-1/2"]
[WhiteElo "2346"]
[BlackElo "2256"]
[Annotator "TA"]
[PlyCount "70"]
[EventDate "2021.01.14"]
[EventType "tourn"]
[EventCountry "USA"]
[SourceTitle "playchess.com"]
[Source "ChessBase"]
[SourceQuality "1"]

{[%evp 17,70,-3,-4,-43,-47,-33,-23,-11,0,0,0,0,0,0,-18,0,20,-12,-10,-16,131,120,116,135,288,112,125,119,89,106,104,14,4,8,63,0,0,0,0,0,0,0,0,0,0,0,0,0,16,20,29,17,14,21,21]} 1. e4 c5 2. Nf3 Nc6 3. d4 cxd4 4. Nxd4 g6 5. Nc3 Bg7 6. Be3 Nf6 7. Nxc6 bxc6 8. e5 Ng8 9. Bd4 Qa5 10. Bc4 {B34: Sicilian: Accelerated Dragon with 5 Nc3: sidelines.} Bxe5 11. O-O Nh6 $1 {[%mdl 4] is now more promising than 11...Nf6.} 12. Re1 {Black has an edge.} f6 13. Bxe5 fxe5 14. Qd2 Nf5 15. Rad1 d6 16. Kh1 Rb8 17. Bb3 Rf8 {[#]} 18. f4 $146 ({Predecessor:} 18. f3 Rb7 19. Qg5 Qb6 20. Ne4 a5 21. c3 d5 22. Ng3 Qc7 23. Rd2 e6 24. Rde2 Nxg3+ 25. Qxg3 e4 26. fxe4 Qxg3 27. hxg3 Kd8 28. Kg1 {½-½ (28) Codigone,M-Penades Ordaz,V (2425) ICCF email 2009}) 18... Qc5 {[#]} (18... exf4 $11 19. Qxf4 Rb7) 19. Rxe5 $3 $16 {[%mdl 512]} Qb6 20. Ree1 {g4 is the strong threat.} Rb7 $2 (20... d5 $16) 21. Ne4 $2 (21. g4 $18) 21... d5 {[#]} 22. Ng5 h6 23. Nf3 Nd6 {[#]} 24. Ne5 (24. c4 $1 $16) 24... Ne4 $1 $36 {[%cal Re4d2][%mdl 2048] [#] Black has some pressure.} 25. Rxe4 dxe4 26. Ba4 (26. Nxg6 $2 Rd7 $19) (26. Qe2 $1 $14) 26... Rf6 27. Qd5 {White threatens Qg8+ and mate.} Kf8 28. Qd8+ (28. Qxe4 Qb4 $17) 28... Qxd8 29. Rxd8+ Kg7 30. Rxc8 e3 31. g3 $1 {aiming for Kg2.} ({Not} 31. Bxc6 $2 Rxb2 32. h3 e2 $19) ({Don't go for} 31. Nxc6 $2 e2 $19) ({Avoid the trap} 31. Rxc6 $2 Rxf4 32. g3 (32. Rxg6+ $2 Kh7 $19) 32... Rxa4 $19) 31... e2 32. Nf3 Re6 33. Ne1 Rxb2 {Strongly threatening ...Rb1.} 34. Kg2 {Hoping for Bb3.} Rb1 35. Kf2 {Black must now prevent Bb3.} Rd6 $1 {[%cal Rd6d1] Weighted Error Value: White=0.22/Black=0.19} 1/2-1/2

[Event "MLK CCCSA IM 2021"]
[Site "Charlotte"]
[Date "2021.01.18"]
[Round "7.1"]
[White "Matros, Alexander"]
[Black "Vivekananthan, Anish"]
[Result "1-0"]
[WhiteElo "2405"]
[BlackElo "2326"]
[Annotator "TA"]
[PlyCount "145"]
[EventDate "2021.01.14"]
[EventType "tourn"]
[EventCountry "USA"]
[SourceTitle "playchess.com"]
[Source "ChessBase"]
[SourceQuality "1"]

{[%evp 9,145,20,8,10,22,18,18,13,27,14,20,22,22,14,24,16,35,42,52,41,49,47,46,22,33,37,36,4,36,31,72,65,66,24,172,164,171,164,150,159,165,171,162,154,196,191,230,219,229,162,164,162,165,129,129,130,130,131,139,131,117,109,148,140,139,121,105,103,145,137,142,144,151,145,188,138,141,136,144,0,137,137,162,151,297,334,445,439,566,562,542,529,540,530,521,513,502,512,497,479,500,496,443,476,475,469,693,657,676,689,693,688,678,622,603,600,592,592,29983,29984,29985,29986,29986,29987,29987,29987,29987,29983,29986,29983,29983,29984,29984,29985,29986,29987,29987,29988]} 1. e4 e5 2. Nf3 Nc6 3. Nc3 Nf6 4. h3 a6 5. d4 exd4 6. Nxd4 {C47: Scotch Four Knights and Four Knights with 4 g3.} Bb4 7. Nxc6 bxc6 8. Bd3 {The position is equal.} O-O 9. O-O d5 10. exd5 cxd5 11. Qf3 c6 {[#]} 12. Bg5 $146 ({Predecessor:} 12. Ne2 Re8 13. Bg5 h6 14. Bxf6 Qxf6 15. Qxf6 gxf6 16. Ng3 Be6 17. Nh5 Be7 18. Rfe1 {½-½ (40) Belyakov,B (2458)-Makarian,R (2441) Sochi 2020}) 12... Be7 13. Rfe1 Re8 14. Re2 h6 15. Bh4 Be6 16. Rae1 Nd7 17. Bxe7 Qxe7 18. b3 Qb4 19. Na4 Reb8 20. Qg3 Nf6 21. Qc7 {next c3 is good for White.} a5 (21... Rb7 $1 $11 22. Qe5 (22. Qxc6 Bd7 $11) 22... c5) 22. c3 $18 ({Of course not} 22. Qxc6 $6 Bd7 $11) 22... Qb7 {[#]} 23. Qxb7 Rxb7 24. Nc5 {[%mdl 64] Double Attack} Rc7 25. Nxe6 fxe6 26. Rxe6 c5 27. Re7 Rxe7 28. Rxe7 {[%mdl 4096] Endgame KRB-KRN} a4 29. Rc7 axb3 30. axb3 Ra3 31. Rxc5 Rxb3 32. Bg6 {[#] White threatens Rc8+ and mate.} Kf8 33. Rc7 Ra3 34. g3 Ra4 35. Kf1 Ra2 36. Kg2 Ra3 37. g4 Ra4 38. Kf3 Ra2 39. Rf7+ Kg8 40. Rb7 Kf8 41. Ke3 Ra4 42. Rf7+ Kg8 43. Rc7 {Intending Rc8+ and mate.} Kf8 44. Kf3 Ra2 $1 45. Kg3 {White leaves nothing to chance now.} Ra4 46. f3 Ra2 (46... Ra6 $16 47. h4 d4) 47. h4 Ra8 48. g5 hxg5 49. hxg5 Ne8 50. Rf7+ Kg8 51. Rd7 Kf8 52. Rxd5 Nc7 53. Rd7 Ne6 54. Rf7+ Kg8 55. Rf5 Nd8 56. Re5 {[%cal Re5e8]} Nf7 57. Rc5 Nd8 (57... Nd6 $142 58. Rc6 Rd8) 58. Be4 Rb8 59. Bd5+ Kf8 60. Rc7 Rb6 61. Kg4 Rd6 62. c4 g6 63. f4 {aiming for f5.} Rb6 64. f5 {White mates.} gxf5+ 65. Kxf5 Rb1 66. g6 Rg1 67. Kf6 Rf1+ 68. Ke5 Rg1 69. g7+ Rxg7 70. Rxg7 Kxg7 71. Kd6 Nf7+ 72. Bxf7 Kxf7 73. Kd7 {Weighted Error Value: White=0.08/Black=0.22} 1-0

[Event "MLK CCCSA IM 2021"]
[Site "Charlotte"]
[Date "2021.01.18"]
[Round "7.3"]
[White "Andrianov, Nikolai"]
[Black "Cervantes Landeiro, Thalia"]
[Result "1/2-1/2"]
[WhiteElo "2384"]
[BlackElo "2258"]
[Annotator "TA"]
[PlyCount "196"]
[EventDate "2021.01.14"]
[EventType "tourn"]
[EventCountry "USA"]
[SourceTitle "playchess.com"]
[Source "ChessBase"]
[SourceQuality "1"]

{[%evp 18,196,20,11,26,-17,-27,-27,-23,-31,-7,0,46,20,18,0,12,0,0,-7,0,-15,0,-44,-48,-32,-10,-34,-13,-43,8,-27,-25,-34,-9,-20,16,18,7,0,0,0,-8,-7,0,0,0,0,0,0,0,0,8,8,61,54,54,60,54,54,54,55,265,50,50,44,50,50,43,27,110,50,50,50,50,50,50,50,50,50,50,50,50,50,50,50,50,50,50,50,50,50,57,50,52,50,50,50,50,50,50,50,50,50,50,50,50,50,50,50,50,50,50,50,50,50,57,8,43,8,26,8,43,43,43,0,8,0,0,0,0,0,0,0,0,0,0,0,57,57,64,57,57,8,8,0,0,0,0,0,0,0,0,0,0,0,0,0,0,0,0,0,0,0,0,0,0,0,0,0,0,0,0,0,0,0,0,0,0,0,0]} 1. d4 Nf6 2. Nf3 g6 3. c4 Bg7 4. g3 d5 5. cxd5 Nxd5 6. Bg2 Nb6 7. O-O Nc6 8. e3 O-O 9. Nc3 Re8 10. h3 $1 {[%mdl 4] is recently more successful than 10.Re1.} a5 {D76: Fianchetto Grünfeld: Main Line with 7...Nb6.} 11. a3 a4 12. d5 {[#]} Na5 $146 {Black has an edge.} ({Predecessor:} 12... Bxc3 13. dxc6 Bg7 14. Qc2 bxc6 15. Nd4 Bxd4 16. exd4 Bd7 17. Bd2 Qc8 18. Kh2 Qa6 {0-1 (35) Arsovic,G (2368)-Djukic,N (2561) Jahorina 2018}) 13. Nxa4 Nxd5 14. Qc2 Nf6 {Strongly threatening ...Bf5.} 15. e4 e5 16. Rd1 Qe7 17. b4 Nc6 18. Bg5 h6 19. Bxf6 Bxf6 20. Nc5 Bg7 21. Nd3 f5 22. Nc5 (22. b5 $5 {[%cal Rb5c6]} fxe4 23. bxc6 $11) 22... Kh7 23. Re1 Qf7 (23... f4 $15) 24. Qb3 Qxb3 25. Nxb3 fxe4 26. Nh4 Ne7 {[%cal Bc6e7,Be7d5,Bd5c3][%mdl 32]} 27. Bxe4 c6 28. g4 Bf6 29. Nf3 Nd5 30. b5 Nc3 31. bxc6 Nxe4 32. Rxe4 bxc6 33. Nc5 Ra5 34. Rc4 e4 35. Re1 Rxa3 (35... e3 $11) 36. Nxe4 $14 {[%mdl 64] [#] Discovered Attack} Rf8 37. Nxf6+ Rxf6 38. Re7+ Kg8 39. Ne5 {Hoping for Rd4.} Rxh3 $2 {[#]} (39... Ra1+ $14 40. Kg2 g5) 40. Re8+ $2 ({White has to play} 40. Rd4 $1 $18) 40... Rf8 41. Rxf8+ Kxf8 42. Nxg6+ {[%mdl 4096] Endgame KRB-KRN} Ke8 43. Ne5 Rh4 (43... h5 $11 {keeps the balance.}) 44. f3 (44. Re4 $16 Kd8 45. Kg2 (45. Nxc6+ Kc7 $16)) 44... h5 $1 45. Rxc6 Bxg4 46. fxg4 hxg4 {KRN-KR} 47. Kg2 Rh3 48. Nxg4 Ra3 49. Rc7 Kd8 50. Rh7 Kc8 51. Kf2 (51. Ne5 {keeps more tension.} Rb3 52. Nc4 Kd8 53. Na5 Ra3 54. Nc6+) 51... Rc3 52. Ne3 Rc7 53. Rh8+ Kb7 54. Kf3 Re7 55. Nf5 Re6 56. Kf4 Re1 57. Ne3 (57. Rd8 {with more complications.} Kc6 58. Rd3 Rg1 59. Ne3 Ra1 60. Kf5) 57... Kc6 58. Ke4 Kc5 59. Rh5+ Kd6 60. Kd4 Ke6 61. Rh6+ Kf7 62. Ke4 Ke7 63. Ra6 Kd7 64. Kd4 Ke7 65. Nd5+ Kf7 66. Rf6+ Kg7 67. Rf3 (67. Rb6 {is interesting.} Re2 68. Ra6 Rd2+ 69. Ke4 Re2+ 70. Kf4) 67... Re6 68. Nf4 Re1 (68... Re8 {feels hotter.} 69. Rg3+ Kf6 70. Nh5+ Kf5 71. Ng7+ Kf4) 69. Kd5 Ra1 70. Ke5 Ra5+ 71. Nd5 Kg6 72. Rf2 Kg5 73. Rg2+ (73. Rf1 {is interesting.} Kg4 74. Rf4+ Kh3 75. Kd6 Ra3 76. Kc7) 73... Kh4 74. Rg8 (74. Ke6 {looks sharper.} Ra6+ 75. Kf5 Ra5 76. Ke5 Rc5 77. Ke4) 74... Kh3 75. Ke4 Kh4 76. Rg1 Kh5 77. Nf4+ Kh6 (77... Kh4 $11) 78. Rg2 Kh7 79. Nd3 Kh6 80. Ne5 Kh5 {The position is equal.} 81. Kf5 {[%cal Rg2h2]} Kh4 82. Rg7 (82. Rh2+ {with more complications.} Kg3 83. Rh6 Ra7 84. Rg6+ Kf2 85. Nd3+) 82... Kh3 83. Rg8 Kh2 84. Ke4 (84. Kf6 {with more complications.} Ra6+ 85. Kg7 Ra7+ 86. Kh6 Ra3 87. Rg6) 84... Ra4+ 85. Ke3 Ra3+ 86. Kf4 {White threatens Nf3+ and mate.} (86. Nd3 {is interesting.} Kh3 87. Ke4 Ra4+ 88. Ke3 Ra3) 86... Ra4+ 87. Kf5 Ra5 (87... Rb4 {is more complex.} 88. Nc6 Rc4 89. Rg6 Rc3 90. Kf4 Rc4+) 88. Rg7 (88. Kf6 {feels hotter.} Ra6+ 89. Kg7 Ra7+ 90. Kh6 Ra3 91. Rg6) 88... Kh3 89. Rg6 Kh2 90. Ke4 (90. Kf6 {seems wilder.} Ra4 91. Nf3+ Kh3 92. Ng1+ Kh4 93. Nf3+) 90... Ra4+ 91. Ke3 Ra3+ 92. Kf4 {White wants to mate with Nf3+.} (92. Kd2 {keeps more tension.} Kh3 93. Rg5 Ra8 94. Ke3 Ra4 95. Kf2) 92... Ra4+ 93. Kf5 Ra5 94. Rg5 (94. Ke6 {with more complications.} Ra3 95. Rg8 Ra6+ 96. Kf7 Kh3 97. Nd3) 94... Kh3 95. Kg6 $1 Ra8 96. Kf5 Ra5 97. Ke4 Ra4+ 98. Ke3 Ra3+ {Weighted Error Value: White=0.12/Black=0.19} 1/2-1/2

[Event "MLK CCCSA IM 2021"]
[Site "Charlotte"]
[Date "2021.01.18"]
[Round "7.5"]
[White "Colas, Joshua"]
[Black "Oberoi, Shelev"]
[Result "1-0"]
[WhiteElo "2288"]
[BlackElo "2180"]
[Annotator "TA"]
[PlyCount "81"]
[EventDate "2021.01.14"]
[EventType "tourn"]
[EventCountry "USA"]
[SourceTitle "playchess.com"]
[Source "ChessBase"]
[SourceQuality "1"]

{[%evp 12,81,13,20,15,25,18,27,32,0,0,0,31,20,73,21,112,92,129,114,120,87,168,133,176,180,174,185,191,198,435,422,504,485,506,499,489,449,451,438,408,380,479,468,478,299,292,291,481,474,648,608,1318,1309,1284,1290,29987,29983,29988,29984,29984,29984,29985,29985,29994,29995,29997,29991,29991,29992,29992,29993]} 1. c4 e5 2. Nc3 Nf6 3. Nf3 Nc6 4. e4 d6 5. d4 Bg4 6. d5 Nd4 7. Be3 {7.Be2 is the fancy move.} Nxf3+ {A28: English Opening: Four Knights Variation.} 8. gxf3 Bd7 9. Qd2 g6 {White has an edge.} 10. Bd3 Nh5 11. O-O-O {[#]} Be7 $146 ({Predecessor:} 11... Bg7 12. Ne2 Qf6 13. f4 Nxf4 14. Nxf4 exf4 15. Bxf4 Qe7 16. Rde1 O-O-O 17. Bg5 Bf6 18. Bxf6 Qxf6 {½-½ (23) Hatchett,P (1987)-Jameson,D (2103) Cardiff 2016}) 12. Ne2 h6 (12... O-O $11 {keeps the balance.}) 13. Rdg1 ({Wrong is} 13. Bxh6 $2 Rxh6 $1 {[%mdl 512]} 14. Rhg1 Bf8 $19) (13. f4 $16) 13... Bh4 (13... Bg5 $11 {remains equal.}) 14. f4 $1 $16 {White stays focused until the end.} Qe7 15. fxe5 $1 dxe5 16. f4 Bf6 (16... exf4 $16 17. Nxf4 Nxf4 18. Bxf4 Bg5) 17. fxe5 Qxe5 18. Bd4 Qe7 19. Qc3 O-O-O {[#]} 20. e5 $1 {[%cal Re5f6]} Bg5+ (20... Bg7 {was worth a try.} 21. c5 c6) 21. Kb1 $18 Bf5 22. Bxf5+ gxf5 23. Qf3 {[%mdl 64] Double Attack} f6 24. Qxh5 fxe5 25. Bc3 Rhf8 26. Rf1 Qc5 27. h4 Be3 28. Rxf5 Qxc4 {( -> ...Qe4+!)} 29. Rxe5 Qd3+ (29... Rxd5 {keeps fighting.} 30. Ng3 (30. Re8+ $2 Kd7 $19) 30... Rxe5 31. Bxe5 a6) 30. Ka1 Rf2 31. Nc1 Rf1 32. Qg4+ Kb8 {[#]} 33. Qd7 $3 {[%cal Rd7d8][%mdl 512]} a6 (33... Rff8 34. Qxd8+) 34. Qxd8+ {White mates.} Ka7 35. Rxf1 Qxf1 {[#]} 36. a3 $1 Qxc1+ (36... Bg1 37. Re1) 37. Ka2 Bd2 38. Qxc7 Be3 39. Bd4+ {[%mdl 64] Deflection} Bxd4 40. Qxc1 Bxe5 41. Qe3+ {[%mdl 64] Double Attack.  Weighted Error Value: White=0.19/Black=0.65} 1-0

[Event "MLK CCCSA IM 2021"]
[Site "Charlotte"]
[Date "2021.01.18"]
[Round "8.1"]
[White "Vivekananthan, Anish"]
[Black "Colas, Joshua"]
[Result "1/2-1/2"]
[WhiteElo "2326"]
[BlackElo "2288"]
[Annotator "TA"]
[PlyCount "187"]
[EventDate "2021.01.14"]
[EventType "tourn"]
[EventCountry "USA"]
[SourceTitle "playchess.com"]
[Source "ChessBase"]
[SourceQuality "1"]

{[%evp 9,187,5,22,22,48,39,51,47,50,59,77,75,93,89,82,54,89,74,80,85,85,79,76,81,69,69,69,74,77,75,73,60,67,45,37,0,60,64,60,58,70,62,97,97,103,67,108,108,120,115,125,100,100,96,100,100,108,108,109,108,111,116,116,68,124,124,124,124,124,130,131,122,116,110,110,115,100,115,153,70,64,64,64,64,64,64,112,112,120,120,120,89,98,98,108,88,88,63,88,88,88,88,88,63,81,77,88,63,88,73,81,81,88,67,88,88,88,88,88,88,88,88,88,88,88,88,88,88,88,88,88,88,88,81,81,61,88,88,88,88,88,88,88,88,88,89,81,0,88,88,103,103,103,88,89,0,103,103,106,103,103,103,103,103,103,103,150,125,314,103,103,26,26,26,26,0,0,0,0,0]} 1. e4 c6 2. Nf3 d5 3. Nc3 Bg4 4. Be2 e6 5. O-O Nd7 6. d4 {B11: Caro-Kann: Two Knights Variation.} Ne7 {[#]} 7. h3 $146 ({Predecessor:} 7. Ne5 Bxe2 8. Qxe2 Nxe5 9. dxe5 d4 10. Nd1 c5 11. f4 Nc6 12. Nf2 Be7 13. c4 dxc3 14. bxc3 {1-0 (48) Chernomordik,P (2177)-De Borba,G (2279) Chess.com INT 2020}) 7... Bxf3 8. Bxf3 {White is slightly better.} g6 9. Re1 Nb6 10. a4 {[%cal Ba2a4,Ba4a5][%mdl 32]} Bg7 11. a5 Nbc8 {[%cal Bb6c8,Bc8d6,Bd6f5][%mdl 32]} 12. Ne2 a6 13. c3 O-O 14. Nf4 dxe4 15. Bxe4 Nd6 16. Bf3 Nd5 17. Nd3 Re8 18. g3 Qc7 19. Qb3 Nf5 20. Kg2 Bf8 21. Be4 Nd6 22. Bf3 Nf5 $1 23. Qc2 Bd6 {[%cal Rd6g3] White should prevent ...Bxg3!} 24. Kh1 Qd8 25. Bg2 Qf6 26. Bd2 Rac8 27. b4 h5 28. h4 Qg7 29. Rad1 Nf6 30. Bf3 Nd7 31. Kg2 Bc7 32. Re2 Re7 33. Rde1 Rce8 34. Qa2 Kh7 35. Bg5 f6 36. Bf4 Bxf4 ({Black should play} 36... e5 $1 $14 37. dxe5 Nxe5 38. Nxe5 Bxe5) 37. Nxf4 $16 {[%cal Re2e6]} e5 38. dxe5 fxe5 39. Nh3 Qg8 40. Ng5+ Kg7 41. Qc2 Nf6 42. Be4 Nxe4 43. Nxe4 Qc4 44. Qa2 (44. Rd1 $16) 44... Ne3+ $14 45. Kg1 Qxe4 {[%csl Ge3][%cal Re4g2]} 46. Rxe3 Qd5 47. Qe2 Qf7 48. Re4 Qf5 49. c4 Re6 50. b5 cxb5 51. cxb5 axb5 52. Qxb5 R8e7 53. Qd5 Rf6 54. Qc5 Rfe6 55. Kg2 Qf6 56. R1e2 Rc6 57. Qb5 {[%cal Re4e5]} Rce6 58. Qb2 Kh7 59. R2e3 Qh8 60. Kg1 Qb8 61. Qb5 Qd6 62. Rd3 Qa6 63. Rd5 Kg7 64. Qb2 Qc6 65. Rdxe5 Rxe5 66. Rxe5 Rxe5 67. Qxe5+ $16 {[%mdl 4096] Endgame KQ-KQ} Kg8 68. Kf1 Qc1+ 69. Ke2 Qc4+ 70. Ke3 Qc1+ 71. Kd3 Qd1+ 72. Ke4 Qc2+ 73. Kd5 Qc6+ 74. Kd4 {aiming for Qd5+.} Qa4+ 75. Ke3 {Qb8+ is the strong threat.} Qa3+ 76. Kf4 Qc1+ 77. Qe3 Qc7+ 78. Qe5 Qc1+ 79. Kf3 {And now Qb8+ would win.} Qc6+ {[#]} 80. Qe4 $1 {[%cal Re4c6] Black must now prevent Qxc6.} Qf6+ 81. Ke2 Qa6+ 82. Kf3 Qf6+ $1 83. Kg2 Qa6 84. f3 Kg7 85. Qe5+ Kh7 86. g4 hxg4 87. fxg4 Qc6+ 88. Kg3 Qh1 $2 {[#]} (88... b5 $16 89. Qe7+ Kg8) 89. Qe7+ $2 (89. h5 $1 $18 {Threatens to win with Qe7+.} Qg1+ 90. Kh4 Qh1+ 91. Kg5 gxh5 92. gxh5) 89... Kg8 90. Kf4 (90. Qe3 $16) 90... Qc1+ $1 $11 91. Qe3 Qc7+ $1 92. Qe5 Qc1+ $1 93. Ke4 {Hoping for Qb8+.} Qe1+ 94. Kf4 {Weighted Error Value: White=0.09/Black=0.09} 1/2-1/2

[Event "MLK CCCSA IM 2021"]
[Site "Charlotte"]
[Date "2021.01.18"]
[Round "8.2"]
[White "Ezra Paul Chambers"]
[Black "Oberoi, Shelev"]
[Result "0-1"]
[WhiteElo "2217"]
[BlackElo "2180"]
[Annotator "TA"]
[PlyCount "66"]
[EventDate "2021.01.14"]
[EventType "tourn"]
[EventCountry "USA"]
[SourceTitle "playchess.com"]
[Source "ChessBase"]
[SourceQuality "1"]

{[%evp 10,66,36,41,46,17,11,8,23,12,32,33,18,40,41,37,34,41,53,47,94,87,119,113,140,112,113,119,118,106,105,93,86,74,74,74,74,74,77,49,56,-5,-5,-5,-7,-53,-52,-170,-140,-158,-151,-148,-133,-212,-212,-197,-77,-2459,-2532]} 1. e4 e5 2. Nf3 Nc6 3. Bb5 a6 4. Ba4 d6 5. O-O Bd7 6. c3 g5 {[#] C72: Ruy Lopez: Deferred Steinitz: 5 0-0.} 7. Ne1 $146 ({Predecessor:} 7. d4 g4 8. d5 gxf3 9. dxc6 bxc6 10. Qxf3 Nf6 11. Nd2 Rg8 12. Nc4 Rg6 13. b4 Bg7 14. Na5 {0-1 (31) Moussard,J (2608)-Gareyev,T (2607) Cappelle la Grande 2020}) 7... Bg7 8. Nc2 h6 {The position is equal.} 9. d4 Nf6 10. d5 Ne7 11. Bxd7+ Qxd7 12. f3 Nh5 13. c4 Nf4 14. Nc3 c5 15. a4 b6 16. Ne3 h5 17. Rb1 a5 18. g3 Nfg6 19. Qb3 Rb8 20. Qb5 Qxb5 21. cxb5 Kd7 22. Nc4 Bh6 23. Bd2 Kc7 24. Ne2 Rbf8 25. g4 ({Better is} 25. Rbd1 $14) 25... hxg4 $11 26. fxg4 Nf4 27. Nxf4 gxf4 28. Be1 (28. h3 $15) 28... Rfg8 29. h3 {[#]} f5 $1 {[%cal Rf5e4]} 30. exf5 Nxf5 31. Bd2 (31. Bc3 $17) 31... Bf8 $19 32. Kg2 f3+ (32... Rh7 $19 33. Rbc1 Ng3) 33. Kh2 $2 {[%mdl 8192] [#]} (33. Kf2 $17 Nd4 34. Rh1) 33... Rxh3+ $1 {[%mdl 512] Weighted Error Value: White=0.33/Black=0.10} 0-1